| 000 | 00814nam a22002417a 4500 | ||
|---|---|---|---|
| 003 | KOHA_MİRAKIL | ||
| 005 | 20260428080555.0 | ||
| 008 | 260421b tu ||||| |||| 00| 0 tur d | ||
| 020 | _a9786059248068 | ||
| 040 |
_aTR-AnABB _btur _cTR-AnABB |
||
| 041 | _atur | ||
| 082 |
_a814.42 _bGEN 2016 |
||
| 100 | 1 | _aGenel, Fatih | |
| 245 | 1 | 0 |
_aAz daha çoktur / _cFatih Genel |
| 250 | _a4. baskı | ||
| 260 |
_aİstanbul : _bScala Yayıncılık, _c2016 |
||
| 300 |
_a220 sayfa ; _c20 cm |
||
| 500 | _aYazar tarafından Prof. Dr. Ruşen Keleş için imzalanmıştır. | ||
| 500 | _aKitap içerisinde Prof. Dr. Ruşen Keleş tarafından gerçekleştirilen satır altı çizimleri ve vurgular mevcuttur. | ||
| 650 | 0 | 4 | _aTürk edebiyatı, deneme |
| 900 | _bCan ÇELIK | ||
| 942 |
_2ddc _cBK |
||
| 999 |
_c10314 _d10314 |
||